Communes Genevoises : Mort Subite - Statistiques

Statistiques générales
  • Ce quiz a été pris 12 fois
  • Le résultat moyen est 5 sur 10
Answers on the Grid
Answers color-coded by a green-red scale on the quiz's grid according to % correct below.
Perly-Certoux
Russin
Bussigny
Aire-la-Ville
Troinex
Ropraz
Veyrier
Desingy
Chevilly
Cessy
Rivaz
Gy
Vandœuvres
Annemasse
Céligny
Sergy
Jussy
Avully
Fillinges
 
Statistiques - réponses
Réponse % Correct
Veyrier
89%
Céligny
67%
Troinex
67%
Gy
56%
Russin
56%
Jussy
44%
Perly-Certoux
44%
Vandœuvres
44%
Aire-la-Ville
33%
Avully
33%
Aucun quiz correspondant
Distribution des résultats
% des personnes avec chaque résultat
Percentile par nombre de réponses
Votre historique - résultats
Vous n’avez pas pris ce quiz